00270nam a2200109Ia 4500008004100000041000800041082001600049100002300065245004500088260002000133365000700153230303s9999 xx 000 0 und d aeng a621.382 SHA aShanmugan (K. sam) aDigital And Analog Communication Systems aNDbWiley india cRS